Statistics for US States by Education Level

Click here to take the quiz!

General Stats

  • This quiz has been taken 35 times
  • The average score is 17 of 20

Answer Stats

PERCENTSTATE% Correct
34.2%California
97%
37.2%New York
97%
34.3%Rhode Island
94%
36.6%Washington
94%
39.5%Connecticut
91%
44.5%Massachusetts
91%
40.7%New Jersey
91%
33.9%Oregon
88%
38.7%Vermont
88%
39.3%Virginia
88%
40.8Maryland
84%
36.8%New Hampshire
84%
41.6%Colorado
81%
33.5%Hawaii
81%
35.0%Illinois
81%
36.7%Minnesota
81%
31.9%North Carolina
78%
34.8%Utah
78%
33.8%Kansas
69%
32.4%Nebraska
56%

Score Distribution

Percentile by Number Answered

Percent of People with Each Score

Your Score History

You have not taken this quiz